Rozpoznaj państwa po konturze. - Statystyki

Ogólne statystyki
  • Ten quiz został rozwiązany 126 razy
  • Średni wynik to 8 z 16
Statystyki odpowiedzi
Obrazkowy Odpowiedź % Poprawnych
Albania
79%
Senegal
70%
Bułgaria
69%
Bangladesz
67%
Laos
65%
Afganistan
61%
Jordania
60%
Czarnogóra
46%
Monako
42%
Boliwia
38%
Sudan Południowy
38%
Armenia
37%
Liberia
34%
Kongo
32%
Dżibuti
27%
Portoryko
24%
Nie znaleziono quizów pasujących do podanych kryteriów
Rozkład punktacji
Procent ludzi z każdym wynikiem
Percentyl według liczby udzielonych odpowiedzi
Twoja historia wyników
Nie rozwiązałeś tego quizu